[Event "CCC 2016 1-15"]
[Site "?"]
[Date "2016.04.26"]
[Round "9.12"]
[White "Lars Rene Andersen 2194"]
[Black "Peter Thorsbro 2250"]
[Result "1-0"]
[BlackElo "2250"]
[WhiteElo "2194"]
[LiveChessVersion "1.4.8"]

1. c4 {[%clk 1:30:59]} c5 {[%clk 1:26:19]} 2. g3 {[%clk 1:24:45]} Nc6
{[%clk 1:26:43]} 3. Bg2 {[%clk 1:25:10]} g6 {[%clk 1:27:10]} 4. e3
{[%clk 1:24:27]} Bg7 {[%clk 1:27:21]} 5. Ne2 {[%clk 1:24:49]} d6 {[%clk 1:25:21]}
6. Nbc3 {[%clk 1:25:05]} Bf5 {[%clk 1:24:23]} 7. d3 {[%clk 1:25:03]} Nf6
{[%clk 1:22:47]} 8. h3 {[%clk 1:23:37]} h5 {[%clk 1:20:40]} 9. O-O
{[%clk 1:21:43]} Qc8 {[%clk 1:18:39]} 10. Kh2 {[%clk 1:21:24]} O-O
{[%clk 1:10:57]} 11. a3 {[%clk 1:13:06]} Rb8 {[%clk 1:09:59]} 12. Rb1
{[%clk 1:12:23]} a6 {[%clk 1:08:16]} 13. b4 {[%clk 1:05:16]} cxb4
{[%clk 1:04:52]} 14. axb4 {[%clk 1:04:14]} b5 {[%clk 1:00:05]} 15. cxb5
{[%clk 0:58:17]} axb5 {[%clk 0:59:08]} 16. e4 {[%clk 0:57:29]} Bd7
{[%clk 0:56:43]} 17. Be3 {[%clk 0:54:46]} Ne8 {[%clk 0:54:55]} 18. Qd2
{[%clk 0:48:26]} Nc7 {[%clk 0:49:05]} 19. Rfc1 {[%clk 0:41:14]} Qb7
{[%clk 0:47:57]} 20. d4 {[%clk 0:30:17]} Rfc8 {[%clk 0:44:55]} 21. f4
{[%clk 0:29:16]} Na6 {[%clk 0:42:17]} 22. Na2 {[%clk 0:23:09]} Nd8
{[%clk 0:37:14]} 23. f5 {[%clk 0:10:38]} Rxc1 {[%clk 0:35:58]} 24. Naxc1
{[%clk 0:10:14]} Rc8 {[%clk 0:36:15]} 25. Bh6 {[%clk 0:09:22]} Rc4
{[%clk 0:34:37]} 26. e5 {[%clk 0:02:37]} d5 {[%clk 0:28:09]} 27. e6
{[%clk 0:02:16]} Be8 {[%clk 0:26:36]} 28. Bxg7 {[%clk 0:02:37]} Kxg7
{[%clk 0:27:00]} 29. exf7 {[%clk 0:02:08]} Bxf7 {[%clk 0:27:23]} 30. Qg5
{[%clk 0:02:08]} Qd7 {[%clk 0:24:59]} 31. fxg6 {[%clk 0:01:53]} Bxg6
{[%clk 0:25:05]} 32. Ra1 {[%clk 0:00:51]} Nxb4 {[%clk 0:23:54]} 33. Nf4
{[%clk 0:01:04]} Rc6 {[%clk 0:21:52]} 34. Nb3 {[%clk 0:01:09]} Nf7
{[%clk 0:20:37]} 35. Nxh5+ {[%clk 0:01:04]} Kh7 {[%clk 0:21:00]} 36. Qh4
{[%clk 0:01:28]} Nh6 {[%clk 0:21:17]} 37. Nf4 {[%clk 0:01:43]} Rf6
{[%clk 0:14:32]} 38. Re1 {[%clk 0:02:05]} Nd3 {[%clk 0:14:02]} 39. Nxd3
{[%clk 0:02:08]} Bxd3 {[%clk 0:14:27]} 40. Nc5 {[%clk 0:02:17]} Qf5
{[%clk 0:13:58]} 41. Rxe7+ {[%clk 0:01:58]} Kg6 {[%clk 0:14:25]} 42. Nd7
{[%clk 0:00:49]} Nf7 {[%clk 0:13:55]} 43. Nxf6 {[%clk 0:00:41]} Qxf6
{[%clk 0:14:18]} 44. Qxf6+ {[%clk 0:00:49]} Kxf6 {[%clk 0:14:44]} 45. Rb7
{[%clk 0:01:14]} Bc4 {[%clk 0:15:02]} 46. g4 {[%clk 0:01:25]} Ng5
{[%clk 0:15:04]} 47. h4 {[%clk 0:00:45]} Ne6 {[%clk 0:15:29]} 48. Rb6
{[%clk 0:01:09]} Kf7 {[%clk 0:15:54]} 49. g5 {[%clk 0:01:07]} Nxd4
{[%clk 0:16:20]} 50. h5 {[%clk 0:01:26]} Ne6 {[%clk 0:15:33]} 51. Rb7+
{[%clk 0:01:45]} Kg8 {[%clk 0:15:52]} 52. g6 {[%clk 0:01:31]} Nf8
{[%clk 0:11:09]} 53. h6 {[%clk 0:01:06]} Nxg6 {[%clk 0:11:23]} 54. Rg7+
{[%clk 0:01:26]} Kh8 {[%clk 0:11:49]} 55. Rxg6 {[%clk 0:01:50]} b4
{[%clk 0:12:10]} 56. Rb6 {[%clk 0:01:56]} 1-0

[Event "CCC 2016 1-15"]
[Site "?"]
[Date "2016.04.26"]
[Round "9.14"]
[White "Wiliam Horup Philipsen 1970"]
[Black "IM Jens Ove Fries Nielsen 2389"]
[Result "0-1"]
[BlackElo "2389"]
[WhiteElo "1970"]
[LiveChessVersion "1.4.8"]

1. e4 {[%clk 1:30:56]} e6 {[%clk 1:29:20]} 2. Nf3 {[%clk 1:30:54]} d5
{[%clk 1:28:00]} 3. e5 {[%clk 1:31:19]} b6 {[%clk 1:28:21]} 4. a3
{[%clk 1:29:40]} a5 {[%clk 1:28:20]} 5. c3 {[%clk 1:27:16]} a4 {[%clk 1:26:40]}
6. d4 {[%clk 1:25:18]} Qd7 {[%clk 1:26:55]} 7. c4 {[%clk 1:20:50]} dxc4
{[%clk 1:26:04]} 8. Bxc4 {[%clk 1:20:22]} Ba6 {[%clk 1:26:32]} 9. b3
{[%clk 1:18:54]} axb3 {[%clk 1:26:51]} 10. Bxa6 {[%clk 1:16:36]} Rxa6
{[%clk 1:27:09]} 11. Qxb3 {[%clk 1:15:36]} Ne7 {[%clk 1:27:12]} 12. O-O
{[%clk 1:15:26]} Nd5 {[%clk 1:27:06]} 13. Nc3 {[%clk 1:13:50]} Nxc3
{[%clk 1:27:23]} 14. Qxc3 {[%clk 1:14:15]} Nc6 {[%clk 1:27:28]} 15. Bg5
{[%clk 1:12:56]} h6 {[%clk 1:27:43]} 16. Rfc1 {[%clk 1:08:07]} b5
{[%clk 1:25:15]} 17. Be3 {[%clk 0:53:39]} Be7 {[%clk 1:19:24]} 18. a4
{[%clk 0:45:32]} bxa4 {[%clk 1:19:32]} 19. Qc4 {[%clk 0:45:27]} Nb4
{[%clk 1:18:03]} 20. Qxc7 {[%clk 0:43:56]} Qxc7 {[%clk 1:08:49]} 21. Rxc7
{[%clk 0:44:21]} Ra8 {[%clk 1:04:18]} 22. Bc1 {[%clk 0:41:30]} Nd5
{[%clk 1:03:24]} 23. Rc4 {[%clk 0:32:43]} a3 {[%clk 1:03:41]} 24. Ra2
{[%clk 0:28:44]} Kd7 {[%clk 1:03:02]} 25. Nd2 {[%clk 0:25:51]} Rhb8
{[%clk 1:01:40]} 26. Kf1 {[%clk 0:24:47]} Rb5 {[%clk 0:53:09]} 27. Ne4
{[%clk 0:22:24]} Rb3 {[%clk 0:51:22]} 28. Nc5+ {[%clk 0:22:00]} Bxc5
{[%clk 0:50:46]} 29. dxc5 {[%clk 0:22:24]} Kc6 {[%clk 0:50:38]} 30. Ke1
{[%clk 0:21:21]} Nc3 {[%clk 0:48:27]} 31. Rxa3 {[%clk 0:19:24]} Raxa3
{[%clk 0:47:55]} 32. Bxa3 {[%clk 0:19:46]} Rxa3 {[%clk 0:48:14]} 33. Kd2
{[%clk 0:17:55]} Nd5 {[%clk 0:48:05]} 34. Rg4 {[%clk 0:17:55]} Ra2+
{[%clk 0:48:12]} 35. Kd3 {[%clk 0:18:05]} g5 {[%clk 0:48:08]} 36. f3
{[%clk 0:17:34]} Nf4+ {[%clk 0:46:50]} 37. Kc4 {[%clk 0:17:15]} Rxg2
{[%clk 0:46:37]} 38. Rxg2 {[%clk 0:17:26]} Nxg2 {[%clk 0:47:00]} 39. Kd4
{[%clk 0:17:45]} Nh4 {[%clk 0:47:10]} 40. Ke4 {[%clk 0:17:34]} Kxc5
{[%clk 0:47:37]} 41. f4 {[%clk 0:17:40]} g4 {[%clk 0:48:06]} 42. Ke3
{[%clk 0:17:47]} Nf5+ {[%clk 0:48:34]} 43. Ke4 {[%clk 0:18:01]} h5
{[%clk 0:49:03]} 0-1

[Event "CCC 2016 1-15"]
[Site "?"]
[Date "2016.04.26"]
[Round "9.15"]
[White "Can Kabadayi 2174"]
[Black "Anders Gjerdrum Hagen 2262"]
[Result "1-0"]
[BlackElo "2262"]
[WhiteElo "2174"]
[LiveChessVersion "1.4.8"]

1. Nf3 {[%clk 1:30:52]} Nf6 {[%clk 1:30:12]} 2. c4 {[%clk 1:31:08]} e6
{[%clk 1:30:21]} 3. g3 {[%clk 1:31:18]} d5 {[%clk 1:30:26]} 4. d4
{[%clk 1:31:27]} Bb4+ {[%clk 1:30:43]} 5. Bd2 {[%clk 1:31:27]} Be7
{[%clk 1:30:55]} 6. Bg2 {[%clk 1:31:51]} c6 {[%clk 1:31:06]} 7. Qb3
{[%clk 1:28:20]} O-O {[%clk 1:28:27]} 8. Nc3 {[%clk 1:28:34]} b6 {[%clk 1:26:58]}
9. Ne5 {[%clk 1:25:33]} Ba6 {[%clk 1:09:50]} 10. cxd5 {[%clk 1:19:45]} cxd5
{[%clk 1:09:35]} 11. O-O {[%clk 1:20:04]} Nfd7 {[%clk 1:07:28]} 12. Nxd5
{[%clk 1:11:25]} exd5 {[%clk 1:02:08]} 13. Nxf7 {[%clk 1:09:43]} Rxf7
{[%clk 0:51:56]} 14. Bxd5 {[%clk 1:09:49]} Qf8 {[%clk 0:51:36]} 15. Bxa8
{[%clk 1:06:04]} Kh8 {[%clk 0:50:27]} 16. Bf3 {[%clk 1:00:26]} Rxf3
{[%clk 0:46:05]} 17. Qxf3 {[%clk 0:59:29]} Qxf3 {[%clk 0:47:27]} 18. exf3
{[%clk 0:59:54]} Bxf1 {[%clk 0:47:49]} 19. Kxf1 {[%clk 1:00:21]} Bd6
{[%clk 0:47:35]} 20. Rc1 {[%clk 0:57:27]} Kg8 {[%clk 0:47:06]} 21. Bg5
{[%clk 0:57:22]} Kf7 {[%clk 0:46:47]} 22. Ke2 {[%clk 0:56:42]} Ke6
{[%clk 0:43:40]} 23. Kd3 {[%clk 0:55:32]} Kd5 {[%clk 0:42:03]} 24. Rc8
{[%clk 0:47:35]} Nc6 {[%clk 0:39:05]} 25. Be3 {[%clk 0:47:44]} Be7
{[%clk 0:29:23]} 26. Rc7 {[%clk 0:43:22]} Nf8 {[%clk 0:10:03]} 27. a3
{[%clk 0:41:52]} Bf6 {[%clk 0:07:37]} 28. b4 {[%clk 0:40:23]} a5 {[%clk 0:04:39]}
29. b5 {[%clk 0:37:48]} Nxd4 {[%clk 0:03:58]} 30. a4 {[%clk 0:34:09]} Nde6
{[%clk 0:02:08]} 31. Rf7 {[%clk 0:30:33]} Ng6 {[%clk 0:00:54]} 32. Rd7+
{[%clk 0:30:32]} Ke5 {[%clk 0:01:10]} 33. f4+ {[%clk 0:29:19]} Kf5
{[%clk 0:01:01]} 34. f3 {[%clk 0:23:37]} Bd8 {[%clk 0:00:54]} 35. Rf7+
{[%clk 0:22:40]} Bf6 {[%clk 0:01:18]} 36. g4# {[%clk 0:22:52]} 1-0